Normal view
MARC view
Entry Personal Name
001 - CONTROL NUMBER
- control field: 46341
003 - CONTROL NUMBER IDENTIFIER
- control field: ARRUPE
005 - DATE AND TIME OF LATEST TRANSACTION
- control field: 20190509095956.0
008 - FIXED-LENGTH DATA ELEMENTS
- fixed length control field: 190509|| aca||aabn | a|a d
040 ## - CATALOGING SOURCE
- Original cataloging agency: ARRUPE
- Transcribing agency: ARRUPE
100 ## - HEADING--PERSONAL NAME
- Personal name: Fiedler, Klaus
670 ## - SOURCE DATA FOUND
- Source citation: Work cat.: (ARRUPE)61789: Kholowa, Janet Y. 46338, In the beginning God created them equal, 2000